| 000 | 00430nam a2200157 4500 | ||
|---|---|---|---|
| 001 | 111738 | ||
| 003 | ES-MaACL | ||
| 005 | 20230906185343.0 | ||
| 007 | t| | ||
| 008 | 061121s1964 sp r ||||1| spa d | ||
| 100 | 1 |
_aOrian, Ismael d'. _987249 |
|
| 245 | 1 | 3 |
_aEl evangelio comentado por un laico / _cIsmael d' Orian. |
| 260 |
_aMadrid : _bStudium, _c1964. |
||
| 300 |
_a355 p. ; _c20 cm. |
||
| 852 |
_aES-MaACL _jC-26885 _bR.55946 |
||
| 999 |
_c111738 _d111738 |
||